Instrucción Inaestimabile Donum, sobre algunas normas acerca del culto del misterio eucarístico
Gespeichert in:
| Körperschaft: | |
|---|---|
| Format: | Buch |
| Sprache: | Spanisch |
| Veröffentlicht: |
Ciudad del Vaticano
Sagrada Congregación para los Sacramentos y el Culto Divino
1980
|
| Schlagworte: | |
| Tags: |
Tag hinzufügen
Keine Tags, Fügen Sie den ersten Tag hinzu!
|
MARC
| LEADER | 00000nam a2200000 a 4500 | ||
|---|---|---|---|
| 001 | UCM0601 | ||
| 003 | CL-VaPUC | ||
| 008 | 020301e19800000VC |||||||||||||||||spa|d | ||
| 082 | 0 | 4 | |a 234.163 |b SAG |2 21 |
| 110 | 2 | |a Sagrada Congregación para los Sacramentos y el Culto Divino |e author |9 467505 | |
| 245 | 1 | 0 | |a Instrucción Inaestimabile Donum, sobre algunas normas acerca del culto del misterio eucarístico |
| 300 | |a 11 p | ||
| 942 | |c BK | ||
| 945 | |d 20020301 00:00:00 |a cmena | ||
| 260 | |a Ciudad del Vaticano |b Sagrada Congregación para los Sacramentos y el Culto Divino |c 1980 | ||
| 650 | 0 | |a Eucaristía |9 257336 | |
| 650 | 0 | |a Cristianismo |9 257361 | |
| 650 | 7 | |a LITURGIA |2 CL-VaPUC |9 467506 | |
| 650 | 0 | |a Ceremonias religiosas |9 337235 | |
| 583 | |a last modification |c 20020301 00:00:00 |k Rodrigo Vera | ||
| 999 | |c 299485 |d 299483 | ||
| 952 | |0 0 |1 0 |4 0 |6 234_163000000000000_SAG_1980 |7 0 |8 A |9 356052 |a BIBTEO |b BIBTEO |d 2019-11-21 |i 3792048 |o 234.163 SAG 1980 |p 3792048 |r 2025-01-17 |w 2019-11-21 |y BK |k ICR | ||
| 952 | |0 0 |1 2 |4 0 |6 234_163000000000000_SAG_1980 |7 0 |8 A |9 356053 |a BIBTEO |b BIBTEO |d 2019-11-21 |i 3792056 |o 234.163 SAG 1980 |p 3792056 |r 2019-11-21 |w 2019-11-21 |x Descarte 2019 |y BK |k ICR | ||
| 952 | |0 0 |1 2 |4 0 |6 234_163000000000000_SAG_1980 |7 0 |8 A |9 356054 |a BIBTEO |b BIBTEO |d 2019-11-21 |i 3909859 |o 234.163 SAG 1980 |p 3909859 |r 2019-11-21 |w 2019-11-21 |x Descarte 2019 |y BK |k ICR | ||
| 952 | |0 0 |1 2 |4 0 |6 234_163000000000000_SAG_1980 |7 0 |8 A |9 356055 |a BIBTEO |b BIBTEO |d 2019-11-21 |i 3909891 |o 234.163 SAG 1980 |p 3909891 |r 2019-11-21 |w 2019-11-21 |x Descarte 2019 |y BK |k ICR | ||
| 952 | |0 0 |1 0 |4 0 |6 234_163000000000000_SAG_1980 |7 0 |8 A |9 356056 |a BIBTEO |b BIBTEO |d 2019-11-21 |i 209309K |o 234.163 SAG 1980 |p 209309K |r 2025-01-17 |w 2019-11-21 |y BK |k ICR | ||
| 952 | |0 0 |1 2 |4 0 |6 234_163000000000000_SAG_1980 |7 0 |8 A |9 356057 |a BIBTEO |b BIBTEO |d 2019-11-21 |i 2093103 |o 234.163 SAG 1980 |p 2093103 |r 2019-11-21 |w 2019-11-21 |x Descarte 2019 |y BK |k ICR | ||
| 952 | |0 0 |1 0 |4 0 |6 234_163000000000000_SAG_1980 |7 0 |8 A |9 356058 |a BIBTEO |b BIBTEO |d 2019-11-21 |i 2093111 |o 234.163 SAG 1980 |p 2093111 |r 2025-01-17 |w 2019-11-21 |y BK |k ICR | ||
| 952 | |0 0 |1 0 |4 0 |6 234_163000000000000_SAG_1980 |7 0 |8 A |9 356059 |a BIBTEO |b BIBTEO |d 2019-11-21 |i 209312K |o 234.163 SAG 1980 |p 209312K |r 2025-01-17 |w 2019-11-21 |y BK |k ICR | ||
| 952 | |0 0 |1 2 |4 0 |6 234_163000000000000_SAG_1980 |7 0 |8 A |9 356060 |a BIBTEO |b BIBTEO |d 2019-11-21 |i 2093138 |o 234.163 SAG 1980 |p 2093138 |r 2019-11-21 |w 2019-11-21 |x Descarte 2019 |y BK |k ICR | ||
| 952 | |0 0 |1 0 |4 0 |6 234_163000000000000_SAG_1980 |7 0 |8 A |9 356061 |a BIBTEO |b BIBTEO |d 2019-11-21 |i 2093146 |o 234.163 SAG 1980 |p 2093146 |r 2025-01-17 |w 2019-11-21 |y BK |k ICR | ||
| 952 | |0 0 |1 0 |4 0 |6 234_163000000000000_SAG_1980 |7 0 |8 A |9 356062 |a BIBTEO |b BIBTEO |d 2019-11-21 |i 2093154 |o 234.163 SAG 1980 |p 2093154 |r 2025-01-17 |w 2019-11-21 |y BK |k ICR | ||